serun
ՀԱՅ ԳԻՐՔ = Armenian Book

Հայագիտական ուսումնասիրություններ ։ (Record no. 165734)

000 -LEADER
fixed length control field nam a22 a 4500
003 - CONTROL NUMBER IDENTIFIER
control field AM-YeNLA
005 - DATE AND TIME OF LATEST TRANSACTION
control field 20260206161549.0
007 - PHYSICAL DESCRIPTION FIXED FIELD--GENERAL INFORMATION
fixed length control field ta
008 - FIXED-LENGTH DATA ELEMENTS--GENERAL INFORMATION
fixed length control field 260206s2025 ai ||||gr|||||000|0|arm||
020 ## - INTERNATIONAL STANDARD BOOK NUMBER
International Standard Book Number 978-9939-60-926-3
040 ## - CATALOGING SOURCE
Language of cataloging arm
Transcribing agency AM-YeNLA
041 0# - LANGUAGE CODE
Language code of text/sound track or separate title arm
100 1# - MAIN ENTRY--PERSONAL NAME
9 (RLIN) 43455
Personal name Եղիազարյան, Վանո Ալբերտի,
Dates associated with a name 1971-
245 10 - TITLE STATEMENT
Title Հայագիտական ուսումնասիրություններ ։
Number of part/section of a work Հայրենագիտություն ։
Name of part/section of a work Զ /
Statement of responsibility, etc. Վ.Ա. Եղիազարյան.
260 ## - PUBLICATION, DISTRIBUTION, ETC. (IMPRINT)
Place of publication, distribution, etc. Երևան :
Name of publisher, distributor, etc. ՎՄՎ-Պրինտ,
Date of publication, distribution, etc. 2025.
300 ## - PHYSICAL DESCRIPTION
Extent 263 էջ ;
Dimensions 21 սմ.
650 14 - SUBJECT ADDED ENTRY--TOPICAL TERM
Topical term or geographic name as entry element Հայագիտություն
General subdivision Հոդվածների ժողովածուներ
9 (RLIN) 33982
650 14 - SUBJECT ADDED ENTRY--TOPICAL TERM
Topical term or geographic name as entry element Հայագիտություն
General subdivision Ուսումնասիրություններ
-- Բանագիտություն
9 (RLIN) 33982
650 14 - SUBJECT ADDED ENTRY--TOPICAL TERM
Topical term or geographic name as entry element Հայագիտություն
General subdivision Ուսումնասիրություններ
-- Միջնադարագիտություն
9 (RLIN) 33982
650 14 - SUBJECT ADDED ENTRY--TOPICAL TERM
Topical term or geographic name as entry element Հայագիտություն
General subdivision Ուսումնասիրություններ
-- Համեմատական գրականագիտություն, գրականության տեսություն
9 (RLIN) 33982
942 ## - ADDED ENTRY ELEMENTS (KOHA)
Source of classification or shelving scheme
Koha item type Books
Holdings
Withdrawn status Lost status Source of classification or shelving scheme Damaged status Not for loan Permanent Location Current Location Date acquired Inventory number Date last seen Price effective from Koha item type
          National Library of Armenia National Library of Armenia 2026-02-06 ՀԱԳ 2026-02-06 2026-02-06 Books

Հայաստանի ազգային գրադարան ՀՀ, 0009,Երևան, Տերյան 72
Հետադարձ կապ